|
|
|
|
| LEADER |
00987nam a2200253 a 4500 |
| 001 |
c000345035 |
| 003 |
CARM |
| 005 |
00000000000000.0 |
| 008 |
851003s1972 gw b 00010 ger d |
| 019 |
1 |
|
|a 3978071
|z 64943403
|5 LACONCORD2021
|
| 020 |
|
|
|a 3416008448
|
| 035 |
|
|
|a (OCoLC)527514
|5 LACONCORD2021
|
| 050 |
0 |
0 |
|a PT1971.W4
|b H4
|
| 100 |
1 |
|
|a Helbig, Louis Ferdinand,
|d 1935-
|
| 245 |
1 |
4 |
|a Der Einzelme und die Gesellschaft in Goethes Wahlverwandtschaften.
|
| 260 |
|
|
|a Bonn :
|b Bouvier Verlag,
|c 1972.
|
| 300 |
|
|
|a 88 p. ;
|c 23 cm.
|
| 490 |
0 |
|
|a Studien zur Germanistik, Anglistik und Komparatistik ;
|v Bd. 15
|
| 504 |
|
|
|a Bibliography: p. 83-86.
|
| 600 |
1 |
0 |
|a Goethe, Johann Wolfgang von,
|d 1749-1832.
|t Wahlverwandtschaften.
|
| 852 |
8 |
|
|b CARM
|h A1:AM07E0
|i C10009
|p 0425224
|f BK
|
| 082 |
0 |
4 |
|a 833.6
|
| 999 |
f |
f |
|i 0656288a-d4d2-53e8-9203-c6c2c9eee6fd
|s a530f574-d64e-58ff-94ff-dde01073f545
|
| 952 |
f |
f |
|p Can circulate
|a CAVAL
|b CAVAL
|c CAVAL
|d CARM 1 Store
|e C10009
|f A1:AM07E0
|h Other scheme
|i book
|m 0425224
|